| 000 | 00000nam##2200000za#4500 |
| 001 | 9.631034 |
| 003 | CaOODSP |
| 005 | 20210624214134 |
| 007 | cr ||||||||||| |
| 008 | 150407|2003||||xxc|||||o f|0| 0 fre|d |
| 020 | |a0-662-89350-6 |
| 040 | |aCaOODSP|bfre |
| 043 | |an-cn--- |
| 086 | 1 |aEn40-886/2003F-PDF |
| 110 | 1 |aCanada. |bEnvironnement Canada. |
| 245 | 10|aL'assainissement de l'air au Canada : |h[ressource électronique]|b2003 rapport d'étape sur les particules et l'ozone |
| 260 | |aOttawa - Ontario : |bEnvironnement Canada |cAoût 2003. |
| 500 | |aLe n° de catalogue (En40-886/2003F) et l'ISBN (0-662-89348-4) de l'édition imprimée ont été incorrectement copiés dans l'édition électronique. |
| 520 | 3 |aCe rapport souligne les efforts déployés par le gouvernement fédéral en vue de réduire la prévalence des principaux polluants à l’origine du smog. Il présente les principales réalisations de 2003 relativement aux transports, à la surveillance des émissions, à la surveillance de l’air ambiant, à la Loi canadienne sur la protection de l’environnement et à la stratégie canado-américaine sur la qualité de l’air transfrontalier. Il traite également des composés organiques volatils, un futur domaine d’intérêt, et souligne les réalisations concrètes des dernières années en ce qui a trait aux programmes d’assainissement de l’air. |
| 590 | |a14-21-Supp|b2014-12-11 |
| 691 | 07|aOzone|2gcpds |
| 691 | 07|aPollution atmosphérique|2gcpds |
| 775 | 08|tClean air in Canada : |w(CaOODSP)9.686567 |
| 776 | 0#|tClean air in Canada : |w(CaOODSP)9.664805 |
| 776 | 0#|tL'assainissement de l'air au Canada : |w(CaOODSP)9.664806 |
| 856 | 40|ahttp://publications.gc.ca|qPDF|s345 Ko|uhttps://publications.gc.ca/collections/collection_2014/ec/En40-886-2003-fra.pdf |